Guess the animal by emoji;) - Statistics

General Stats
  • This quiz has been taken 195 times
  • The average score is 9 of 14
Answer Stats
Picture Answer % Correct
butterfly
97%
deer
91%
jellyfish
90%
donkey
89%
monkey
87%
elephant
79%
bulldog
73%
seahorse
64%
anteater
58%
turkey
56%
eagle
55%
rhino
49%
dolphin
47%
cricket
10%
No matching quizzes found
Score Distribution
Percent of People with Each Score
Percentile by Number Answered
Your Score History
You have not taken this quiz